000
00302nam a22000977a 4500
008
220110b ||||| |||| 00| 0 eng d
100
_a
Joraschek, Josef
245
_a
Stararchiteckten und Philatelie
_b
Kunst im Gross- u. Kleinformat
260
_b
Deutsche Post
_c
2007
650
_a
Topical; Architecture; Germany
999
_c
3269
_d
3269